Normal view
MARC view
- Prokis John G
Entry Personal Name
001 - CONTROL NUMBER
- control field: 239
003 - CONTROL NUMBER IDENTIFIER
- control field: NUST
005 - DATE AND TIME OF LATEST TRANSACTION
- control field: 20170509155750.0
008 - FIXED-LENGTH DATA ELEMENTS
- fixed length control field: 170509|| aca||aabn | a|a d
040 ## - CATALOGING SOURCE
- Original cataloging agency: NUST
- Transcribing agency: NUST
100 ## - HEADING--PERSONAL NAME
- Personal name: Prokis John G
670 ## - SOURCE DATA FOUND
- Source citation: Work cat.: (NUST)23999: Prokis John G, A Self Study Guide For Digital Signal Processing , c2004
